| 000 | 00545nam a2200193Ia 4500 | ||
|---|---|---|---|
| 005 | 20250923145425.0 | ||
| 008 | 008 250917s9999 xx 000 0 eng d | ||
| 037 | _aTextual | ||
| 040 |
_aDSWL _beng _cDSWL |
||
| 041 |
_aeng _2eng |
||
| 084 |
_aX8(A).2, N65 _qDSWL |
||
| 100 |
_aKuchhal, S.C. _9835171 |
||
| 245 | 0 |
_aIndustrial Economy of India _c by S.C.Kuchhal |
|
| 260 |
_aAllahabad _bChaitanya Pub House _c1965 |
||
| 300 | _axv,642 p. | ||
| 365 | _aINR | ||
| 942 |
_cTEXL _hX8(A).2, N65 |
||
| 999 |
_c1451192 _d1451192 |
||